000
00206nam a22001097a 4500
999
_c
64872
_d
64869
082
_a
297.923
100
_a
ش ب ل
245
_a
سیرۃالنبی
300
_a
۸۳۰
700
_a
شبلی
942
_c
BK